<?xml version="1.0" encoding="UTF-8"?>
<record
    xmlns:xsi="http://www.w3.org/2001/XMLSchema-instance"
    xsi:schemaLocation="http://www.loc.gov/MARC21/slim http://www.loc.gov/standards/marcxml/schema/MARC21slim.xsd"
    xmlns="http://www.loc.gov/MARC21/slim">

  <leader>00504nam a22001817a 4500</leader>
  <controlfield tag="001">3081</controlfield>
  <controlfield tag="003">BD-DhBUF</controlfield>
  <controlfield tag="005">20260519100424.0</controlfield>
  <controlfield tag="008">260519b        bg ||||| |||| 00| 0 ben d</controlfield>
  <datafield tag="020" ind1=" " ind2=" ">
    <subfield code="a">0415462460</subfield>
  </datafield>
  <datafield tag="040" ind1=" " ind2=" ">
    <subfield code="a">BD-DhBUF</subfield>
    <subfield code="c">BD-DhBUF</subfield>
  </datafield>
  <datafield tag="245" ind1=" " ind2=" ">
    <subfield code="a">Human resource management :</subfield>
    <subfield code="b">a critical approach /</subfield>
    <subfield code="c">Edited by David G. Collings and Geoffey Wood </subfield>
  </datafield>
  <datafield tag="260" ind1=" " ind2=" ">
    <subfield code="a">New York :</subfield>
    <subfield code="b">xi, 319p. ;</subfield>
  </datafield>
  <datafield tag="300" ind1=" " ind2=" ">
    <subfield code="a">xi, 319</subfield>
    <subfield code="c">23cm. ;</subfield>
  </datafield>
  <datafield tag="526" ind1=" " ind2=" ">
    <subfield code="a">BBA</subfield>
  </datafield>
  <datafield tag="650" ind1=" " ind2=" ">
    <subfield code="a">Personnel management </subfield>
  </datafield>
  <datafield tag="942" ind1=" " ind2=" ">
    <subfield code="2">ddc</subfield>
    <subfield code="c">BK</subfield>
  </datafield>
  <datafield tag="999" ind1=" " ind2=" ">
    <subfield code="c">3081</subfield>
    <subfield code="d">3081</subfield>
  </datafield>
  <datafield tag="952" ind1=" " ind2=" ">
    <subfield code="0">0</subfield>
    <subfield code="1">0</subfield>
    <subfield code="2">ddc</subfield>
    <subfield code="4">0</subfield>
    <subfield code="7">0</subfield>
    <subfield code="a">BUFTL</subfield>
    <subfield code="b">BUFTL</subfield>
    <subfield code="d">2026-05-16</subfield>
    <subfield code="e">Donation ( Mr. Faruque Hassan. Chairman, BUFT )</subfield>
    <subfield code="l">0</subfield>
    <subfield code="p">2026-0059</subfield>
    <subfield code="r">2026-05-19 10:06:11</subfield>
    <subfield code="t">C-1</subfield>
    <subfield code="w">2026-05-19</subfield>
    <subfield code="y">BK</subfield>
  </datafield>
</record>
